000 00735nam a2200229 4500
001 33647
010 _a9789898975706
021 _aPT
_b474445/20
090 _a33647
100 _a20201209d2020 m y0pory50030103ba
101 0 _apor
102 _aPT
200 1 _aO problema não sou eu, és tu
_ereconheça e elimine comportamentos tóxicos nas suas relações
_fCláudia Morais
205 _a1ª. ed.
210 _aBarcarena
_cManuscrito
_d2020
215 _a302 p.
_d23 cm
675 _a159.942(035)
_vBN
_zpor
675 _a316.47-058.8(035)
_vBN
_zpor
700 _aMorais
_bClaudia
_f1976-
_94977
801 0 _aPT
_bBN
_gRPC
856 4 1 _uhttp://rnod.bnportugal.gov.pt/ImagesBN/winlibimg.aspx?skey=&doc=2060984&img=145910&save=true
990 _cLIVROS